<?xml version="1.0" encoding="UTF-8"?>
<record
    xmlns:xsi="http://www.w3.org/2001/XMLSchema-instance"
    xsi:schemaLocation="http://www.loc.gov/MARC21/slim http://www.loc.gov/standards/marcxml/schema/MARC21slim.xsd"
    xmlns="http://www.loc.gov/MARC21/slim">

  <leader>00688cam a2200253   4500</leader>
  <controlfield tag="001">28900</controlfield>
  <datafield tag="010" ind1=" " ind2=" ">
    <subfield code="z">972-26-1904-4</subfield>
  </datafield>
  <controlfield tag="005">20220405165330.0</controlfield>
  <datafield tag="021" ind1=" " ind2=" ">
    <subfield code="a">PT</subfield>
    <subfield code="b">163682701</subfield>
  </datafield>
  <datafield tag="090" ind1=" " ind2=" ">
    <subfield code="a">28900</subfield>
  </datafield>
  <datafield tag="100" ind1=" " ind2=" ">
    <subfield code="a">20080417d2001    c  y0pory5003    ba</subfield>
  </datafield>
  <datafield tag="101" ind1="0" ind2=" ">
    <subfield code="a">por</subfield>
  </datafield>
  <datafield tag="102" ind1=" " ind2=" ">
    <subfield code="a">PT</subfield>
  </datafield>
  <datafield tag="105" ind1=" " ind2=" ">
    <subfield code="a">a   z   001yy</subfield>
  </datafield>
  <datafield tag="106" ind1=" " ind2=" ">
    <subfield code="a">r</subfield>
  </datafield>
  <datafield tag="930" ind1=" " ind2=" ">
    <subfield code="l">BECRE</subfield>
  </datafield>
  <datafield tag="675" ind1=" " ind2=" ">
    <subfield code="a">087.5</subfield>
    <subfield code="9">2104</subfield>
  </datafield>
  <datafield tag="700" ind1=" " ind2="1">
    <subfield code="a">Soares,</subfield>
    <subfield code="b">Lu&#xED;sa Ducla,</subfield>
    <subfield code="f">1939-</subfield>
    <subfield code="9">2431</subfield>
  </datafield>
  <datafield tag="702" ind1=" " ind2="1">
    <subfield code="a">Lopes,</subfield>
    <subfield code="b">Maria Jo&#xE3;o</subfield>
    <subfield code="4">440</subfield>
    <subfield code="9">2398</subfield>
  </datafield>
  <datafield tag="200" ind1="1" ind2=" ">
    <subfield code="a">O ratinho marinheiro</subfield>
    <subfield code="f">Lu&#xED;sa Ducla Soares</subfield>
    <subfield code="g">il. Maria Jo&#xE3;o Lopes</subfield>
  </datafield>
  <datafield tag="210" ind1=" " ind2=" ">
    <subfield code="a">Porto</subfield>
    <subfield code="c">Civiliza&#xE7;&#xE3;o,</subfield>
    <subfield code="d">2001</subfield>
  </datafield>
  <datafield tag="215" ind1=" " ind2=" ">
    <subfield code="a">[30] p.</subfield>
    <subfield code="c">muito il.,</subfield>
    <subfield code="d">31 cm</subfield>
  </datafield>
  <datafield tag="225" ind1="2" ind2=" ">
    <subfield code="a">Obra completa de Lu&#xED;sa Ducla Soares</subfield>
  </datafield>
  <datafield tag="990" ind1=" " ind2=" ">
    <subfield code="c">LIVROS</subfield>
  </datafield>
  <datafield tag="995" ind1=" " ind2=" ">
    <subfield code="0">0</subfield>
    <subfield code="1">0</subfield>
    <subfield code="9">40329</subfield>
    <subfield code="b">BEAGU</subfield>
    <subfield code="d">BEAGU</subfield>
    <subfield code="f">459BA</subfield>
    <subfield code="k">087.5 SOA</subfield>
    <subfield code="o">0</subfield>
    <subfield code="r">LIVROS</subfield>
    <subfield code="a">BEAGU</subfield>
    <subfield code="c">BEAGU</subfield>
    <subfield code="q">18</subfield>
  </datafield>
</record>
